[Event "Match 72__120'/40"]
[Site "Zurich"]
[Date "2022.??.??"]
[Round "35"]
[White "CXG Sphinx Legend"]
[Black "Mephisto MM II"]
[Result "1-0"]
[WhiteElo "1816"]
[BlackElo "1815"]
[Annotator "KUT"]
[PlyCount "138"]
[EventDate "2022.??.??"]

{[%evp 0,138,19,31,14,30,27,17,30,16,16,17,41,-7,35,7,13,27,38,28,28,29,45,7,-18,-15,0,1,89,96,94,100,93,53,74,109,80,79,86,90,99,65,66,60,76,87,44,53,72,11,66,26,32,39,39,31,49,33,65,34,46,8,39,-24,-12,-49,-2,-27,-9,-13,0,-57,-1,-18,20,36,53,50,82,98,92,70,106,12,23,42,74,66,72,54,126,70,131,130,251,237,299,305,289,122,205,163,193,206,295,331,336,155,210,296,303,303,398,327,452,815,829,972,1146,972,975,677,703,646,859,845,920,860,894,901,937,1017,1155,925,1343,950,1035,972,1063,1135,1318]} 1. d4 Nf6 {Match 72: 120'/40+60'/20+30' | Bediener: Rolf Bühler | 35. Partie: Weiss (CXG) gewinnt | Zwischenstand: 18,5-16,5 (52,8%) für Mephisto MM II | Der Mephisto MM II hat gegen den Torre-Angriff keine glückliche Hand. Während die Eröffnung noch passabel abläuft, begibt sich die schwarze Dame im Mittelspiel an den gegnerischen Königsflügel. Dort steht sie derart unglücklich, dass Schwarz unlösbare Probleme bekommt. Die CXG Sphinx Legend lässt den Gegner dann jedoch fast vollkommen entschlüpfen. Erst als Schwarz im Zentrum nicht richtig agiert und seine Bauernstellung schwächt, erhält Weiss wieder grossen Auftrieb. Und in kämpferischer Manier wird der MM II hernach niedergerungen. Ein verdienter Sieg des ungarischen Programms von Gyula Horvath.} 2. Nf3 e6 3. Bg5 {Der Torre-Angriff, benannt nach dem mexikanischen Schachspieler und Grossmeister Carlos Torre Repetto (29.11.1904 - 19.3.1978). Im Moskauer Turnier 1925 gewann Carlos Torre damit eine berühmte Partie gegen den damaligen Weltmeister Emanuel Lasker.} c5 {***ENDE BUCH***} 4. e3 {***ENDE BUCH***} cxd4 5. exd4 Qb6 {Neben den üblicheren 5...Le7 oder 5...b6 ist der Textzug eine rare Fortsetzung. Auch gegen 5...d5 spricht nichts.} (5... Be7 6. Nbd2 d6 7. c3 Nbd7 8. Bd3 b6 9. Nc4 Bb7 10. Qe2 Qc7 11. O-O O-O 12. Rfe1 Rfe8 13. Rad1 Nf8 14. Bc1 Nd5 15. Ng5 b5 16. Na3 b4 17. cxb4 Nxb4 18. Qh5 Bxg5 19. Bxg5 Nxd3 20. Rxd3 Qa5 21. b4 Qf5 22. Rg3 h6 23. Nc4 Qd5 $2 (23... hxg5 $1 24. Nxd6 Qg6 25. Qxg6 Nxg6 26. Nxb7 Rab8 27. Nc5 Rxb4 28. Rxg5 Rxd4 $11) 24. Ne3 Qb5 25. Bf6 $3 Qxh5 26. Rxg7+ Kh8 27. Rxf7+ Kg8 28. Rg7+ Kh8 29. Rxb7+ Kg8 30. Rg7+ Kh8 31. Rg5+ Kh7 32. Rxh5 Kg6 33. Rh3 Kxf6 34. Rxh6+ Kg5 35. Rh3 Reb8 36. Rg3+ Kf6 37. Rf3+ Kg6 38. a3 a5 39. bxa5 Rxa5 40. Nc4 Rd5 41. Rf4 Nd7 42. Rxe6+ Kg5 43. g3 {1-0 Torre,C-Lasker,E Moscow 1925}) 6. b3 Be7 (6... Ne4 {war die kräftigste Alternative, um die durch b3 verursachte leichte Schwächung der schwarzen Felder von Weiss zu bekämpfen.} 7. Bd2 d5) 7. Bd3 Nc6 8. c3 {Deckt den Bauer d4 und verhindert das vielleicht einmal lästige ...Sb4 mit Angriff auf den gegnerischen Läufer.} O-O 9. O-O d5 10. Nbd2 Bd7 11. Qc2 h6 12. Bh4 Qc7 13. Rfe1 Qf4 $2 {Ein strategisch schlechter Zug, wird nun doch die Dame am Königsflügel abgedrängt, wodurch die Koordination der schwarzen Figuren stark leidet. Umgekehrt öffnen sich für Weiss gute Möglichkeiten, die ansonsten nicht zur Verfügung stünden. Wie fein und tief sowie übermenschlich die modernen Engines rechnen, sieht man daran, dass sie für Weiss bereits entscheidenden Vorteil angeben.} 14. Bg3 Qg4 15. Ne5 Qh5 16. Nxc6 {Verständlich, dass die CXG Sphinx Legend nicht die stärkste Entgegnung findet.} (16. Ndf3 $1 Rac8 17. Nxc6 bxc6 18. Re5 g5 19. Nh4 Ng4 20. Be2 Qxh4 (20... f6 21. Bxg4 Qf7 22. Qg6+ Qxg6 23. Nxg6) 21. Bxh4 Nxe5 22. Bxg5 $18 {und gewinnt}) 16... bxc6 17. Re5 g5 18. Ree1 c5 $6 (18... Rfc8 {ist etwas weniger ungünstig.}) 19. dxc5 Bxc5 20. Be5 $1 {So erlangt Weiss wieder eine gewonnene Stellung.} Be7 21. c4 $6 {Wird am Damenflügel aktiv, was Weiss nicht viel einbringt. Hätte sich Weiss mit 21.Te3 auf den Königsflügel konzentriert, wäre rasche eine gewonnene Stellung zu erreichen.} (21. Re3 {Droht mit Th3 zu gewinnen.} g4 22. h3 Ne4 {noch am besten} 23. Bxe4 dxe4 24. Qxe4 Qf5 25. hxg4 Qxe4 26. Nxe4 $18 {und gewinnt.}) 21... Bc6 22. cxd5 $6 {Erneut trifft Weiss nicht die beste Wahl. Sowohl 22.c5 als auch 22.Te3 versprechen mehr.} Bxd5 23. Rac1 Rfd8 {Eine gute Verteidigung.} (23... Rac8 {kann sich Schwarz nicht leisten.} 24. Qxc8 Rxc8 25. Rxc8+ Kg7 26. Nf1 g4 27. Re3 Qg5 28. h4 $1 Qh5 29. Rc7 Bb4 30. Bg3 {Droht mit Te5 die schwarze Dame zu erobern.} Be4 31. Bxe4 Nxe4 32. Rxe4 $18) 24. Ba6 $6 {Was dieser Läufer, abseits vom Kampfgeschehen, leisten soll, kommt einem Rätsel gleich.} Qg4 {Endlich darf auch Schwarz mal eine Drohung aufstellen, indem er auf g2 Mattsetzen will.} 25. Bf1 Nd7 26. h3 Qb4 27. Bc3 Qb7 {Dank gütiger Mithilfe seines Gegners, hat sich Schwarz aus seiner lange misslichen Lage befreien können. Die Partie beginnt wie von neuem.} 28. Nc4 Bc5 $6 {Viel logischer sieht doch 28...Tac8 aus.} 29. Ba5 Rdc8 30. Qd3 Nf6 31. Ne5 {In der Zwischenzeit hat Weiss seine Kräfte so verzettelt, dass von Vorteil keine Rede mehr sein kann.} Rab8 32. Red1 Qe7 33. Bc3 Ba3 34. Ra1 Bc5 (34... Rxc3 $5 {war eine interessante Option.} 35. Qxc3 Ne4 36. Qe1 Bb4 37. Qe2 Bc5 38. Ng4 f5 39. Ne3 Nxf2 $2 40. Qxf2 f4 41. Qc2 Bxe3+ $11 {ausgeglichen}) 35. Re1 Qb7 {Hier sind ...Se4 oder ...Le4 etwas stärker.} 36. Rac1 Ne4 37. Bd4 Bxd4 (37... f5 {ist besser} 38. Bxc5 Rxc5 39. Qd4 $14) 38. Qxd4 f6 $2 {Eine wesentliche Ungenauigkeit. Keine Probleme hat Schwarz hingegen nach dem Turmtausch auf c1, s. Variante.} (38... Rxc1 39. Rxc1 f5 40. Bd3 Qb6 41. Qb2 Qb7 42. Rd1 Nf6 43. Nc4 $14) 39. Ng4 $1 {Das bringt Schwarz in grosse bzw. fast unüberwindliche Schwierigkeiten.} e5 $2 {Dieser Folgefehler sollte die Partie verlieren.} 40. Qd3 (40. Rxc8+ Rxc8 41. Qd1 {droht La6 mit Materialgewinn} Qc6 42. Nxh6+ Kf8 43. Qh5 Qe6 44. Ng4) 40... Kg7 41. Ne3 Be6 42. Red1 Rxc1 43. Rxc1 Rc8 44. Rxc8 Bxc8 45. Be2 Be6 46. Bf3 Nc5 (46... f5 {leistet etwas mehr Widerstand}) 47. Qd6 Qc8 48. Qe7+ Kg6 49. Qxa7 {Eine einfachere Gewinnmethode besteht in:} (49. Bh5+ Kxh5 50. Qxf6 g4 51. hxg4+ Bxg4 52. f3 Bxf3 53. Nf5 $1 Qc6 (53... Qg8 54. Qxh6+ Kg4 55. Ne3+ Kg3 56. Qh2#) 54. Qh4+ Kg6 55. Ne7+ Kg7 56. Nxc6 $18) 49... f5 50. Nd5 Bxd5 51. Bxd5 Ne6 {Es gibt schon keine Rettung mehr für Schwarz.} 52. Qb6 Kf6 53. b4 Qc1+ 54. Kh2 Qc8 55. a4 Ke7 56. b5 {Der Übergang ins Bauernendspiel hätte einfacher gewonnen.} (56. Qxe6+ Qxe6 57. Bxe6 Kxe6 58. g4 f4 59. f3 Kd5 60. a5 Kd6 61. Kg2 Kc6 62. Kf2 Kb5 63. Ke2 Kc6 64. Kd3 Kd5 65. a6 Kc6 66. b5+ Kb6 67. Ke4 $18) 56... h5 57. Bxe6 Qc2 {Auch der Übergang ins Bauernendspiel verliert. Den die verbundenen weissen entfernten Freibauern zwingen den schwarzen König, an den Damenflügel zu eilen. Der weisse König hat dann alle Zeit der Welt, um die feindlichen Bauern abzugrasen.} (57... Qxe6 58. Qxe6+ Kxe6 59. f3 h4 60. a5 Kd6 61. a6 Kc7 62. a7 Kb7 63. b6 Ka8 64. Kg1 Kb7 65. Kf2 Ka8 66. Ke3 Kb7 67. Kd3 Ka8 68. Kc4 Kb7 69. Kd5 $18) 58. Bd5 {Der Rest bedarf keiner Kommentare mehr.} Qc8 59. Qg6 g4 60. Qg5+ Kd6 61. Bf7 Qh8 62. Qxf5 Qh6 63. h4 Qd2 64. Bxh5 Qd4 65. Bxg4 Kc5 66. Qc2+ Kb6 67. Kg3 Ka5 68. Bd1 Qf4+ 69. Kh3 Qd4 {***AUFGEGEBEN***} 1-0

[Event "Match 72__120'/40"]
[Site "Zurich"]
[Date "2022.??.??"]
[Round "36"]
[White "Mephisto MM II"]
[Black "CXG Sphinx Legend"]
[Result "1/2-1/2"]
[WhiteElo "1815"]
[BlackElo "1816"]
[Annotator "KUT"]
[PlyCount "173"]
[EventDate "2022.??.??"]

{[%evp 0,173,19,38,25,16,14,23,25,0,10,-78,-24,-13,-19,-8,-10,-5,10,-12,-8,-19,-32,-79,-70,-67,-41,-41,7,-23,2,-16,2,-31,56,-29,-14,-20,3,-15,-4,-12,59,35,48,34,35,0,46,39,37,35,36,-19,-6,-4,-2,-12,16,34,50,47,52,53,51,50,43,51,51,63,69,0,0,-25,-35,-44,-5,-22,-7,-41,-40,-33,-39,-50,-50,-50,-44,-38,-35,-48,-38,-23,-18,-10,-18,-22,-16,-38,21,20,24,24,14,8,9,0,0,0,15,0,8,0,15,15,9,10,15,10,10,10,10,4,4,4,4,4,4,4,4,4,4,4,4,4,4,4,4,4,4,4,4,4,4,4,4,4,4,4,4,4,42,38,38,38,40,36,49,36,35,36,36,24,16,16,16,8,10,7,7,7,7,7,7,0,0,0]} 1. e4 e5 {Match 72: 120'/40+60'/20+30' | Bediener: Rolf Bühler | 36. Partie: Remis | Zwischenstand: 19,0-17,0 (52,7%) für Mephisto MM II | Aus der Spanischen Eröffnung ergibt sich eine ausgeglichene Partie. Es geht sehr ruhig zu und her. Und erfreulicherweise passieren den beiden Kontrahenten keine wirklichen Fehler. Das schliessliche Remis ist verdient, auch wenn die besseren Chancen bei Schwarz (CXG) lagen.} 2. Nf3 Nc6 3. Bb5 a6 4. Ba4 Nf6 5. d4 {Mit dieser Eröffnungswahl, das Spanische Mittelgambit, wird den üblichen Hauptvarianten ausgewichen. Zu diesem System meint Dr. Max Euwe, Teil X, Theorie der Schacheröffnungen: "Dieser Aufzug löst die Spannung in der Mitte etwas zu früh auf, so dass Schwarz klaren Ausgleich erreicht, obwohl er immerhin genau spielen muss." Dass der weisse Aufbau aber so harmlos nicht ist, beweist der statistische Erfolg, der je nach Auswertung zwischen 57% und 58% liegt.} exd4 6. O-O Be7 7. e5 Ne4 8. Nxd4 O-O {***ENDE BUCH***} 9. Nf5 {***ENDE BUCH***} d5 10. Nxe7+ Nxe7 11. b4 {Die übliche Fortsetzung ist 11.c3, um dem weissfeldrigen Läufer einen Platz auf c2 einzuräumen.} (11. c3 Nc5 12. Bc2 Bf5 13. Na3 Qd7 14. Be3 Ne6 15. g4 Bxc2 16. Nxc2 g5 17. h4 Ng6 {?!} 18. hxg5 Nxe5 19. f4 Nc4 20. Bc1 Rfe8 21. b3 Na5 {?} 22. Ne3 Rad8 23. Nf5 Ng7 24. Nh6+ Kh8 25. Qd4 {+-} Nc6 26. Qf2 d4 27. Bb2 d3 28. Rfe1 Rxe1+ 29. Rxe1 Re8 30. Rxe8+ Qxe8 31. c4 Qd7 32. Bc3 Nd8 33. Bxg7+ Kxg7 34. Qb2+ Kf8 35. Qh8+ Ke7 36. Nf5+ {1-0 Jones,G (2669)-Anton Guijarro,D (2691) Chessable Masters Prelim chess24.com INT rapid 2022 (10)}) 11... c6 (11... a5 $5 {ist eine Spur stärker} 12. c3 axb4 13. cxb4 h6 $15) 12. Bb2 b5 $6 {Die Anrempelung mit ...a5 ist wesentlich stärker.} 13. Bb3 Qc7 {Noch immer war ...a5 vorzuziehen.} 14. f3 Ng5 15. a4 Bf5 (15... bxa4 16. Rxa4 a5 $15 {wäre zu schwarzem Vorteil ausgefallen.}) 16. axb5 axb5 17. Nc3 Ne6 18. Rxa8 Rxa8 19. Ne2 h6 $11 {Die Stellung befindet sich im Gleichgewicht.} 20. Qd2 Re8 {?! Nicht das Gelbe vom Ei. Eher in Frage kommen: a) Das aktive 20...c5 und b) 20...Lg6, was nötigenfalls Platz macht für einen schwarzen Springer auf f5.} 21. Ra1 Ng6 22. Ng3 Nh4 23. Qf2 {?! Gibt die Überdeckung des Feldes f4 auf.} Bg6 {Effektiver sind:} (23... Qe7 24. Bc3 Nf4 25. Nxf5 Nxf5 26. Kf1 g5 27. g3 Ng6 28. Re1 Qd7 $15) (23... Nf4 24. Qd4 Nfxg2 25. Ra7 Qb8 26. e6 Nxf3+ 27. Kxg2 Nxd4 28. exf7+ Kf8 29. fxe8=Q+ Kxe8 30. Bxd4 $11) 24. Ne2 Nf5 25. Ra6 Qb7 26. Qa7 Qxa7+ 27. Rxa7 Ne3 {Noch immer ist die Partie ausgeglichen.} 28. c3 Bd3 29. Nd4 Nxd4 30. cxd4 Bc4 31. Kf2 Ng4+ 32. fxg4 Bxb3 {Mit Riesenschritten neigt die Partie dem Remis entgegen.} 33. h4 Bd1 34. Kg3 f6 35. exf6 gxf6 36. Ra3 Re2 37. Ba1 Re4 38. Ra6 Re3+ (38... Rxg4+ 39. Kh3 h5 40. Rxc6 Kg7 $11) 39. Kh2 Re6 40. Kh3 Kf7 41. Kg3 Re3+ 42. Kh2 $6 {Genauer ist Kf2 mit völligem Ausgleich.} Rb3 $6 {Mit für unsere Oldies wahnsinnig langen und nicht erkennbaren Varianten zeigen die Engines auf, dass 42...Lxg4 dem Schwarzen doch gute praktische Gewinnchancen eingeräumt hätte.} ({Leptir P 101222-avx2:} 42... Bxg4 {Bewertung -1.53 bei Suchtiefe 53} 43. Rxc6 Re2 44. Kg3 Bf5 45. Kf3 Ra2 46. Bc3 Be4+ 47. Ke3 Rxg2 48. Be1 Ra2 49. Bd2 h5 50. Rc5 Ra3+ 51. Rc3 Ra1 52. Rc1 Ra7 53. Rc6 Re7 54. Kf2 Bb1 55. Bc1 Re4 56. Rc5 Rxh4 57. Rxd5 Bd3 58. Be3 Rh2+ 59. Kg1 Re2 60. Bf2 Kg6 61. Rd6 Re4 62. Rd8 Kf5 63. Rh8 Be2 64. Kh2 Rf4 65. Kg1 Rg4+ 66. Kh2 Bf3 67. Kh3 Rf4 68. Rd8 Be2 69. Bg3 Rg4 70. Rd5+ Ke6 71. Rd8 Ke7 72. Bc7 Bf1+ 73. Kh2 h4 74. d5 Rxb4 75. d6+ Ke6 {[%eval -153,53]}) ({Dragon 3.1 by Komodo Chess 64-bit:} 42... Bxg4 {Bewertung -2.41 bei Suchtiefe 59} 43. Rxc6 Re2 44. Kg3 Bf5 45. Kf3 Rd2 46. Bc3 Be4+ 47. Ke3 Rxg2 48. Be1 Ra2 49. Bd2 h5 50. Rc5 Ra3+ 51. Rc3 Ra1 52. Rc1 Ra7 53. Rc5 Rb7 54. Ke2 Kg6 55. Rc6 Kf5 56. Bh6 Ra7 57. Bf8 Kg4 58. Rxf6 Kxh4 59. Bd6 Kg5 60. Rf8 h4 61. Rg8+ Bg6 62. Kf2 Ra6 63. Bb8 Kg4 64. Rd8 Ra2+ 65. Ke3 Ra3+ 66. Kf2 Rf3+ 67. Ke1 Rb3 68. Rg8 Kf5 69. Bd6 Rb1+ 70. Kf2 Rb2+ 71. Ke3 h3 72. Rh8 Rb3+ 73. Kf2 Kg4 {[%eval -241,59]}) 43. Rxc6 Rxb4 44. Rc5 Ke6 45. Bc3 Rc4 46. Kg3 Kd6 47. Kf4 Ke7 48. Ba1 Rc2 49. Rxc2 Bxc2 {Dieses für erfahrene Schachspieler leichte Läuferendspiel sollte man selbst gegen jeden Grossmeister ohne Probleme halten können.} 50. Bc3 Be4 51. Bb4+ Kf7 52. g3 Bc2 53. Bd2 Kg8 54. Bc3 Kf8 55. Ba5 Be4 56. Bb4+ Kf7 57. Ke3 Kg8 58. Bd2 Kf8 59. Ke2 Kg7 60. h5 Bh7 61. Kf1 Bd3+ 62. Ke1 Bc4 63. Bb4 Bb3 64. Bd6 Kg8 65. Ke2 Kf7 66. Bb4 Bc2 67. Bd2 Kg7 68. Bc3 Bh7 69. Kf3 Bd3 70. Ba5 Be4+ 71. Ke3 Bc2 72. Ke2 Bh7 73. Bb4 Bb1 74. Kd2 f5 75. Ke3 fxg4 76. Kf4 Bd3 77. Kxg4 Bc4 78. Kh4 Be2 79. g4 Bd3 80. g5 hxg5+ 81. Kxg5 {Selbst in dieser toten Remisstellung wird die Partie noch nicht abgebrochen.} Bh7 82. h6+ Kf7 83. Bc5 Bd3 84. Bd6 Be4 85. Bc5 Bd3 86. Bd6 Be4 87. Bc5 {***REMIS ABGEBROCHEN***} 1/2-1/2

[Event "Match 72__120'/40"]
[Site "Zurich"]
[Date "2022.??.??"]
[Round "37"]
[White "CXG Sphinx Legend"]
[Black "Mephisto MM II"]
[Result "1-0"]
[WhiteElo "1816"]
[BlackElo "1815"]
[Annotator "KUT"]
[PlyCount "98"]
[EventDate "2022.??.??"]

1. e4 e5 {Match 72: 120'/40+60'/20+30' | Bediener: Rolf Bühler | 37. Partie: Weiss (CXG) gewinnt | Zwischenstand: 19,0-18,0 (51,3%) für Mephisto MM II | Schwarz (MM II) kommt bereits aus der Eröffnung in ein schlechtes Mittelspiel. Und obwohl die CXG Sphinx Legend im folgenden komplexen Kampf nicht immer die besten Fortsetzungen findet, vermag Schwarz gegen den überwältigenden positionellen Vorteil von Weiss nichts auszurichten. Mit seinem verdienten Sieg verkürzt das ungarische Programm von Gyula Horvath seinen Rückstand auf einen Punkt.} 2. Nf3 Nc6 3. Bb5 a6 4. Ba4 Nf6 5. d4 {Mit dieser Eröffnungswahl, das Spanische Mittelgambit, wird den üblichen Hauptvarianten ausgewichen. Zu diesem System meint Dr. Max Euwe, Teil X, Theorie der Schacheröffnungen: "Dieser Aufzug löst die Spannung in der Mitte etwas zu früh auf, so dass Schwarz klaren Ausgleich erreicht, obwohl er immerhin genau spielen muss." Dass der weisse Aufbau aber so harmlos nicht ist, beweist der statistische Erfolg, der je nach Auswertung zwischen 57% und 58% liegt.} exd4 6. O-O Be7 {***ENDE BUCH***} 7. Re1 {***ENDE BUCH*** Damit wählt die CXG Sphinx Legend eine andere Fortsetzung als der Mephisto MM II.} (7. e5 Ne4 8. Nxd4 O-O {***ENDE BUCH***} 9. Nf5 {***ENDE BUCH***} d5 10. Nxe7+ Nxe7 11. b4 c6 12. Bb2 b5 13. Bb3 Qc7 14. f3 Ng5 15. a4 Bf5 16. axb5 axb5 17. Nc3 Ne6 18. Rxa8 Rxa8 19. Ne2 h6 20. Qd2 Re8 21. Ra1 Ng6 22. Ng3 Nh4 23. Qf2 Bg6 24. Ne2 Nf5 25. Ra6 Qb7 26. Qa7 Qxa7+ 27. Rxa7 Ne3 28. c3 Bd3 29. Nd4 Nxd4 30. cxd4 Bc4 31. Kf2 Ng4+ 32. fxg4 Bxb3 33. h4 Bd1 34. Kg3 f6 35. exf6 gxf6 36. Ra3 Re2 37. Ba1 Re4 38. Ra6 Re3+ 39. Kh2 Re6 40. Kh3 Kf7 41. Kg3 Re3+ 42. Kh2 Rb3 43. Rxc6 Rxb4 44. Rc5 Ke6 45. Bc3 Rc4 46. Kg3 Kd6 47. Kf4 Ke7 48. Ba1 Rc2 49. Rxc2 Bxc2 50. Bc3 Be4 51. Bb4+ Kf7 52. g3 Bc2 53. Bd2 Kg8 54. Bc3 Kf8 55. Ba5 Be4 56. Bb4+ Kf7 57. Ke3 Kg8 58. Bd2 Kf8 59. Ke2 Kg7 60. h5 Bh7 61. Kf1 Bd3+ 62. Ke1 Bc4 63. Bb4 Bb3 64. Bd6 Kg8 65. Ke2 Kf7 66. Bb4 Bc2 67. Bd2 Kg7 68. Bc3 Bh7 69. Kf3 Bd3 70. Ba5 Be4+ 71. Ke3 Bc2 72. Ke2 Bh7 73. Bb4 Bb1 74. Kd2 f5 75. Ke3 fxg4 76. Kf4 Bd3 77. Kxg4 Bc4 78. Kh4 Be2 79. g4 Bd3 80. g5 hxg5+ 81. Kxg5 Bh7 82. h6+ Kf7 83. Bc5 Bd3 84. Bd6 Be4 85. Bc5 Bd3 86. Bd6 Be4 87. Bc5 {½-½ Mephisto MM II (1815)-CXG Sphinx Legend (1816) 120'/40+60'/20+30' Zürich 2022 (36)}) 7... Bb4 {Mit dieser zweitklassigen Fortsetzung wirft Schwarz den Gegner aus dem Buch. Hier sind 7...b5 oder 7...0-0 üblich.} (7... b5 8. e5 Nxe5 9. Rxe5 d6 10. Re1 bxa4 11. Qxd4 O-O 12. Qxa4 Bb7 13. Nd4 Re8 14. Bg5 Qc8 15. Nb3 h6 16. Bh4 Rb8 17. N1d2 c5 18. Bxf6 Bxf6 19. Rxe8+ Qxe8 20. Qxe8+ Rxe8 21. Nc4 Bd5 22. Nxd6 Rd8 23. Nf5 Be6 24. Ne3 Bxb2 25. Rd1 Rxd1+ 26. Nxd1 Ba3 27. Kf1 Kf8 28. Ke2 Ke7 29. Ne3 Bb4 30. Kd3 Be1 31. f4 Kd6 32. f5 Bd7 33. Nc4+ Ke7 34. g4 Bf2 35. Ne5 Be8 36. c4 f6 37. Nf3 h5 38. Ke2 hxg4 39. Kxf2 gxf3 40. Nxc5 Bf7 41. Nxa6 Bxc4 42. Nb4 Kd6 43. Kxf3 Ke5 44. a4 Kxf5 45. a5 Be6 46. Ke3 Ke5 47. a6 Bc8 48. a7 Bb7 49. h4 g5 50. Nd3+ Kf5 51. Nc5 Ba8 52. h5 g4 53. Ne4 Bc6 54. h6 Kg6 55. Kf4 Kxh6 56. Nxf6 g3 57. Ng4+ Kh5 58. Kxg3 Kg5 59. Ne5 Ba8 60. Nd7 {½-½ Plat,V (2547)-Tari,A (2623) Teplice op 14th 2019 (9)}) 8. Re2 $6 {Eine zu zahme Fortsetzung. Am besten geschieht 8.c3!, aber auch 8.Ld2 ist sinnvoller als der Textzug.} (8. c3 $1 dxc3 9. e5 $1 Ng8 (9... Nd5) 10. bxc3 Be7 11. Nd4 {und die weisse Stellung ist objektiv betrachtet deutlich besser. Computer-Weltmeister Dragon 3.1 by Komodo Chess meint +- 3.46 und Leptir P 121222-avx2 +- 2.43, das sind Bewertungen, bei denen die schwarze Stellung nicht mehr zu retten ist.}) 8... O-O 9. e5 Nd5 10. c3 Bc5 $2 {Widersinnig, dem Gegner cxd4 mit Tempo zu gestatten. Stattdessen wäre nach 10...Le7 alles im Lot gewesen.} 11. cxd4 Ba7 12. Bg5 Qe8 13. Nc3 Nxc3 $6 {Jetzt stärkt er dem Gegner auch noch das Zentrum.} 14. bxc3 b5 15. Bb3 Bb7 {Nun ist/wäre es bereits Zeit für den finalen Schlag gegen Schwarz.} 16. Qd3 {Sollte ebenfalls zum Gewinn genügen. Aber Weiss verpasst mit 16.Lf6!! einen hübschen taktischen Schlag.} (16. Bf6 $3 gxf6 17. Qd2 $1 Nxe5 18. dxe5 Qe7 19. Qh6 Bxf3 20. exf6 Qxf6 21. Qxf6 Bxe2 22. Qg5+ Kh8 23. Qe5+ f6 24. Qxe2 $18 {und gewinnt}) 16... Ne7 17. a4 {? Mitten im schönsten Angriffstaumel wird die CXG Sphinx Legend am Damenflügel aktiv. Nur zufällig und deshalb, weil die weisse Stellung derart übermächtig ist, vergibt sich Weiss damit noch nichts.} bxa4 18. Bxa4 {Stärker sind Lc2 und Txa4. Trotzdem scheint es für Schwarz noch immer keine Rettung mehr zu geben, was alles aussagt zur übermächtigen Stellung von Weiss.} Rb8 19. Ree1 {Kein Fehler, aber nur den Gewinn verzögernd anstelle von 19.Lc2.} Ng6 20. Qf5 {Erneut nicht am besten, aber auch damit wird der Gewinn noch nicht vergeben. Stark sind:} (20. d5 $1 $18) (20. h4 $1 $18) 20... c6 {Den Bauer d7 gibt Schwarz erwartungsgemäss nicht her.} 21. Bb3 Qc8 22. Qd3 c5 23. d5 $1 {Völlig richtig: Dem Gegner wird die Luft weiter abgeschnürt.} Qc7 24. Bc4 {Hat es auf den a6-Bauer abgesehen. Logischer war es, durch 24.c4 Nägel mit Köpfen zu machen und die weisse Bauernübermacht zu zementieren. In Frage kam auch 24.d6.} d6 {Der MM II will sich durch d6 nicht erdrücken lassen und hofft - da der Bauer e5 dreimal angegriffen ist - auf exd6 Dxd6 und der a6-Bauer wäre genügend gedeckt, weil dessen Eroberung am Ende den weissen Bauer d5 kosten würde.} 25. Bxa6 {Wesentlich stärker 25.e6 oder 25.h4} dxe5 26. d6 {Sowohl 26.Lc4 als auch 26.h4 sind noch stärker, aber eben, es gibt schon diverse Wege, die zum Sieg führen.} Qc6 27. Be7 e4 28. Bxb7 Rxb7 29. Rxe4 {Weiss hat bei unverändert grossem Vorteil einen Bauern mehr. Und da seitens von Schwarz keine Aussichten auf einen Freibauer vorhanden sind, keimt die Hoffnung auf, dass die CXG Sphinx Legend diese Partie nach Hause bringen kann.} Ra8 30. Rae1 Qc8 31. Qd5 Rab8 32. Ng5 Qe8 33. h3 Rd7 34. Nf3 Rdb7 35. Bd8 $1 {Nun packt das ungarische Programm gar eine taktische (Todes-)Keule aus und macht sich die schwarze Grundlinienschwäche zunutze.} Qxd8 {erzwungen} 36. Re8+ Qxe8 37. Rxe8+ Rxe8 38. Qxb7 {Der Angriff auf den Läufer und die riesige Macht des weissen Freibauern auf der d-Linie erobert noch weiteres Material.} Nf4 (38... Bb8 {rettet ebenso wenig} 39. d7 Rf8 40. Qc8 Bd6 41. Qxf8+ Nxf8 42. d8=Q $18) 39. d7 Rd8 40. Qxa7 {Der Rest bedarf keiner Kommentare mehr.} Ne6 41. Ne5 Rf8 42. Nd3 c4 43. Ne5 Nd8 44. f4 g6 45. Qc5 Ne6 46. Qxc4 Nd8 47. Kf2 Nb7 48. Nxf7 {und noch eine kleine Kombination} Kg7 49. d8=Q Nxd8 {***AUFGEGEBEN***} 1-0